Normal view
MARC view
Entry Personal Name
001 - CONTROL NUMBER
- control field: 367202
003 - CONTROL NUMBER IDENTIFIER
- control field: OSt
005 - DATE AND TIME OF LATEST TRANSACTION
- control field: 20220927104753.0
008 - FIXED-LENGTH DATA ELEMENTS
- fixed length control field: 220927|| aca||aabn | a|a d
040 ## - CATALOGING SOURCE
- Original cataloging agency: OSt
- Transcribing agency: OSt
100 ## - HEADING--PERSONAL NAME
- Personal name: "INDIA, LOK SABHA, ESTIMATES (Committee) (1963-64)"
670 ## - SOURCE DATA FOUND
- Source citation: Work cat.: (OSt)688599: "INDIA, LOK SABHA, ESTIMATES (Committee) (1963-64)" 367201, Report, 1964
